| 000 | 01008nab a2200277 u 4500 | ||
|---|---|---|---|
| 001 | 02781 | ||
| 003 | HDC | ||
| 007 | cr bn --- | ||
| 008 | 201220p201504 n |0 eng | ||
| 022 | _a2222-6990 | ||
| 040 | _aHDC | ||
| 100 |
_aMuzammilu Yunusa, _eauthor _9770 |
||
| 245 | 0 |
_aReligious Challenges of Islamic Banking in Nigeria / _cby Muzammilu Yunusa and Nadhira Bint Nordin |
|
| 260 |
_a[No Place] : _b[publisher not identified], _c2015 |
||
| 300 | _a1 online resource (21 pages) | ||
| 336 |
_atext _2rdacontent |
||
| 337 |
_acomputer _2rdamedia |
||
| 338 |
_aonline resource _2rdacarrier |
||
| 650 |
_aBanks and banking _xReligious aspects _xIslam _9262 |
||
| 650 |
_aEconomic development _zNigeria _9771 |
||
| 650 |
_aFinance _xReligious aspects _xIslam _9438 |
||
| 856 | _zRequest full-text at [email protected] | ||
| 942 | _2lcc | ||
| 942 | _cAR | ||
| 942 | _kJART 001579 | ||
| 999 |
_c168 _d168 |
||